| 000 | 01402cam a22003614a 4500 | ||
|---|---|---|---|
| 001 | 12651881 | ||
| 003 | OSt | ||
| 005 | 20150408114026.0 | ||
| 008 | 020122s2001 gw b b 000 0 eng | ||
| 010 | _a 2002275462 | ||
| 020 | _a158890069X | ||
| 040 |
_aDLC _cDLC _dDLC |
||
| 041 | 1 |
_aeng _hger |
|
| 042 | _apcc | ||
| 050 | 0 | 0 |
_aRM666.H33 _bW444213 2001 |
| 082 | 0 | 0 |
_a615.321 _221 |
| 100 | 1 |
_aWeiss, R. F. _q(Rudolf Fritz) _911475 |
|
| 240 | 1 | 0 |
_aLehrbuch der Phytotherapie. _lEnglish |
| 245 | 1 | 0 |
_aWeiss's herbal medicine / _cRudolf Fritz Weiss. |
| 246 | 3 | 0 | _aHerbal medicine |
| 250 | _aClassic ed. | ||
| 260 |
_aStuttgart ; _aNew York : _bThieme, _c2001. |
||
| 300 |
_a362 p. : _bill., map ; _c25 cm. |
||
| 500 | _aTranslated by A.R. Meuss. | ||
| 500 | _aA reprint of the authorized translation of the 6th German ed., Stuttgart : Hippokrates, 1960, 1974, 1980, 1982, 1985. Title of the original German ed.: Lehrbuch der Phytotherapie. | ||
| 504 | _aIncludes bibliographical references and index. | ||
| 650 | 0 |
_aHerbs _xTherapeutic use. |
|
| 700 | 1 |
_aMeuss, A. R. _911486 |
|
| 856 | 4 | 2 |
_3Publisher description _uhttp://www.loc.gov/catdir/enhancements/fy1002/2002275462-d.html |
| 856 | 4 | 2 |
_3Contributor biographical information _uhttp://www.loc.gov/catdir/enhancements/fy1009/2002275462-b.html |
| 942 |
_2ddc _cBOOK |
||
| 999 |
_c22358 _d256858 |
||